[Event "GER-chT Christmas U20 Girls"]
[Site "Playchess.com INT"]
[Date "2020.12.29"]
[Round "1.3"]
[White "Clarke Griebsch, Elisa"]
[Black "Halas, Neele Zoe"]
[Result "0-1"]
[WhiteElo "966"]
[BlackElo "1273"]
[PlyCount "100"]
[EventDate "2020.12.29"]
[EventType "team-swiss (blitz)"]
[EventRounds "7"]
[EventCountry "GER"]
[SourceTitle "CBM 200 Extra"]
[Source "ChessBase"]
[SourceDate "2021.03.31"]
[SourceVersion "1"]
[SourceVersionDate "2021.03.31"]
[SourceQuality "1"]
[WhiteTeam "Garching II"]
[BlackTeam "Leipzig SG"]
[WhiteTeamCountry "GER"]
[BlackTeamCountry "GER"]

1. e4 e5 2. Nf3 Nc6 3. Nc3 Nf6 4. d4 exd4 5. Nxd4 d5 6. Nxc6 bxc6 7. Bd3 Bc5 8. 0-0 0-0 9. Bg5 Be7 10. e5 Nd7 11. Bxe7 Qxe7 12. Re1 Qg5 13. e6 fxe6 14. Rxe6 Ne5 15. Qe1 Bxe6 16. Qe2 Bh3 17. Qf1 Nxd3 18. cxd3 Rae8 19. Re1 Rxe1 20. Nd1 Rxf1+ 21. Kxf1 Qxg2+ 22. Ke1 Qg1+ 23. Kd2 Rxf2+ 24. Kc3 Qg6 25. Nxf2 Qf6+ 26. Kc2 Qxf2+ 27. Kb3 Qe3 28. Ka3 Qxd3+ 29. b3 c5 30. Ka4 Bd7+ 31. Ka3 c4 32. Kb2 cxb3 33. axb3 Bf5 34. Ka3 c5 35. Kb2 Qc2+ 36. Ka3 d4 37. Ka4 c4 38. Kb5 Qxb3+ 39. Kc5 Qb6+ 40. Kxc4 Kf7 41. Kd5 Kf6 42. Kc4 Be6+ 43. Kd3 Ke5 44. Kc2 Qb4 45. Kd3 Bf5+ 46. Ke2 Qc3 47. Kf2 Kf4 48. Kg2 Be4+ 49. Kf2 Qd2+ 50. Kg1 Qg2# 0-1